[Event "CZE Czechia-ch U16"]
[Site "Harrachov"]
[Date "2009.10.27"]
[Round "5"]
[White "Franc, Ondrej"]
[Black "Krchnak, Jan"]
[Result "1-0"]
[WhiteElo "1629"]
[BlackElo "1778"]
[PlyCount "93"]
[EventDate "2009.10.24"]
[EventType "swiss"]
[EventRounds "9"]
[EventCountry "CZE"]
[SourceTitle "EXT 2012"]
[Source "ChessBase"]
[SourceDate "2011.11.24"]
[SourceVersion "1"]
[SourceVersionDate "2011.11.24"]
[SourceQuality "1"]

1. d4 Nf6 2. c4 g6 3. Nc3 Bg7 4. e4 d6 5. f3 0-0 6. Be3 Nc6 7. Qd2 e5 8. d5 Ne7 9. Bh6 Ne8 10. g4 f5 11. Bxg7 Nxg7 12. gxf5 gxf5 13. 0-0-0 Ng6 14. Bd3 f4 15. h4 Nh5 16. Qf2 Rf7 17. Nge2 Qf6 18. Rdg1 Rg7 19. Rg5 Ng3 20. Nxg3 fxg3 21. Rxg3 Nf4 22. Rxg7+ Kxg7 23. Kc2 Bd7 24. Ne2 Rf8 25. Nxf4 Qxf4 26. Be2 Qxe4+ 27. fxe4 Rxf2 28. Kd3 Rg2 29. b4 Bg4 30. Bxg4 Rxg4 31. c5 Kg6 32. cxd6 cxd6 33. h5+ Kh6 34. Rf1 Kxh5 35. Rf7 Kh6 36. Rxb7 Rg7 37. Rxg7 Kxg7 38. Ke3 Kf7 39. a4 Kg6 40. Kf3 Kg5 41. b5 h5 42. a5 h4 43. b6 axb6 44. axb6 h3 45. b7 h2 46. Kg2 Kf4 47. b8Q 1-0

[Event "CZE-ch U14"]
[Site "Sec u Chrudimi"]
[Date "2008.03.15"]
[Round "9"]
[White "Balacek, Tadeas"]
[Black "Krchnak, Jan"]
[Result "1-0"]
[WhiteElo "1936"]
[BlackElo "1534"]
[PlyCount "79"]
[EventDate "2008.03.08"]
[EventType "swiss"]
[EventRounds "9"]
[EventCountry "CZE"]
[SourceTitle "EXT 2009"]
[Source "ChessBase"]
[SourceDate "2008.11.26"]
[SourceVersion "1"]
[SourceVersionDate "2008.11.26"]
[SourceQuality "1"]

1. d4 d5 2. Nf3 Nc6 3. c4 Bg4 4. Bf4 e6 5. e3 Bb4+ 6. Nc3 Nf6 7. a3 Bxc3+ 8. bxc3 0-0 9. Qc2 Bxf3 10. gxf3 Nh5 11. Bg3 Nxg3 12. hxg3 h6 13. cxd5 exd5 14. Bd3 Qf6 15. f4 Rfe8 16. Kd2 Rad8 17. Rh5 Ne7 18. g4 Kf8 19. f5 Ng8 20. Rg1 Qd6 21. g5 Qxa3 22. f6 gxf6 23. gxh6 Nxh6 24. Rxh6 Re6 25. Rh8+ Ke7 26. Rxd8 Kxd8 27. Rb1 b6 28. Qb3 Qd6 29. c4 c6 30. cxd5 cxd5 31. Rc1 a5 32. Bf5 Re8 33. Qb5 Qb4+ 34. Qxb4 axb4 35. Rc8+ Ke7 36. Rxe8+ Kxe8 37. Kc2 Kd8 38. Kb3 Kc7 39. Kxb4 Kc6 40. Bh7 1-0

[Event "CZE-ch U14"]
[Site "Sec u Chrudimi"]
[Date "2008.03.12"]
[Round "6"]
[White "Krchnak, Jan"]
[Black "Zvara, David"]
[Result "0-1"]
[WhiteElo "1534"]
[BlackElo "1790"]
[PlyCount "56"]
[EventDate "2008.03.08"]
[EventType "swiss"]
[EventRounds "9"]
[EventCountry "CZE"]
[SourceTitle "EXT 2009"]
[Source "ChessBase"]
[SourceDate "2008.11.26"]
[SourceVersion "1"]
[SourceVersionDate "2008.11.26"]
[SourceQuality "1"]

1. e4 e5 2. Nf3 Nf6 3. Nxe5 d6 4. Nf3 Nxe4 5. Nc3 Nf6 6. d4 d5 7. Bg5 c6 8. Bd3 h6 9. Bh4 Bd6 10. Qd2 0-0 11. 0-0-0 Qc7 12. Kb1 Bf4 13. Qe2 Re8 14. Ne5 Bxe5 15. dxe5 Rxe5 16. Qf3 Bg4 17. Qg3 Nbd7 18. f3 Bh5 19. Qf2 Qb6 20. g4 Qxf2 21. Bxf2 Bg6 22. Bxg6 fxg6 23. Bd4 Re6 24. h4 Ne5 25. Rde1 Rae8 26. Rhf1 Nxf3 27. Rxe6 Rxe6 28. Bf2 Nd2+ 0-1